| 000 | 00373nam a2200145Ia 4500 | ||
|---|---|---|---|
| 005 | 20250729165735.0 | ||
| 008 | 250729s2013 xx 000 0 und d | ||
| 041 | _akan | ||
| 082 | _a372.25 NARS | ||
| 100 |
_aP.Nagaraj _9231857 |
||
| 245 | _aShykshanika Kriya Samshodhane | ||
| 260 |
_aGadag _bVidyanidhi Prakashana _c2013 |
||
| 300 | _a311p | ||
| 650 |
_aEducation _9231858 |
||
| 999 |
_c239491 _d239491 |
||